| 000 | 00390nam a2200157Ia 4500 | ||
|---|---|---|---|
| 008 | 230711s9999||||xx |||||||||||||| ||und|| | ||
| 020 | _a978-81-261-3423-6 | ||
| 041 | _aENG | ||
| 082 |
_a635 _bUP-C |
||
| 100 | _aUpadhyaya, R.C. | ||
| 245 | 0 | _aCultivation Vegetable Crops | |
| 260 |
_c2008 _aNew Delhi _bAnmol Publication(P) Ltd. |
||
| 300 | _a263p. | ||
| 650 | _aAgriculture | ||
| 942 | _cBK | ||
| 999 |
_c7541 _d7541 |
||